000
00230nam a22000857a 4500
999
_c
23727
_d
23727
005
20250212115921.0
008
250212b ||||| |||| 00| 0 eng d
040
_c
sk
245
_a
Metodika tvorby strategických dokumentov v kuĺtúre...